Asian Countries by average latitude - Statistics

General Stats
  • This quiz has been taken 8 times
  • The average score is 33 of 48
Answer Stats
Answer % Correct
Russia
100%
Afghanistan
83%
Armenia
83%
Azerbaijan
83%
Bhutan
83%
China
83%
Georgia
83%
Iran
83%
Iraq
83%
Israel
83%
Japan
83%
Jordan
83%
Kazakhstan
83%
Kuwait
83%
Kyrgyzstan
83%
Lebanon
83%
Mongolia
83%
Nepal
83%
North Korea
83%
Pakistan
83%
Uzbekistan
83%
Bahrain
67%
East Timor
67%
Indonesia
67%
Maldives
67%
Oman
67%
Qatar
67%
Saudi Arabia
67%
Singapore
67%
South Korea
67%
Syria
67%
Tajikistan
67%
Turkey
67%
Turkmenistan
67%
Bangladesh
50%
Brunei
50%
Cambodia
50%
India
50%
Laos
50%
Malaysia
50%
Myanmar
50%
Philippines
50%
United Arab Emirates
50%
Yemen
50%
Sri Lanka
33%
Taiwan
33%
Thailand
33%
Vietnam
33%
No matching quizzes found
Score Distribution
Percent of People with Each Score
Percentile by Number Answered
Your Score History
You have not taken this quiz